Monster High characters - Statistics

General Stats
  • This quiz has been taken 79 times
  • The average score is 35 of 63
Answer Stats
Hint Answer % Correct
Clawd
95%
Cleo
93%
New Ghoul at School Frankie
93%
Clawdeen
92%
Draculaura
92%
Lagoona
90%
Ghoulia
85%
Deuce
82%
Spectra
82%
Toralei
75%
13 Wishes Gigi
73%
Catty
72%
Abbey
70%
Howleen
70%
Operetta
70%
Venus
70%
Frights, Camera, Action! Clawdia
68%
Gil
68%
Nefera
68%
Friday Night Frights Robecca
68%
Escape From Skull Shores Rochelle
68%
Jinafire
67%
Slo-Mo
63%
Twyla
62%
Valentine
62%
Elissabat
60%
Skelita
60%
Heath
58%
Why Do Ghouls Fall in Love? C.A. Cupid
57%
Kiyomi
57%
Jackson
55%
Meowlody
55%
Purrsephone
55%
Scarah
55%
Boo York Boo York Luna
53%
Elle
52%
Holt
52%
Porter
52%
Viperine
50%
Iris
47%
Vandala
47%
Whisp
47%
Mouscedes
43%
Astranova
42%
Catrine
42%
Honey Swamp
42%
Hoodude
42%
Fright On! Manny Taur
42%
Pearl
42%
Avea Trotter
37%
Freaky Fusion Neighthan
37%
Sirena Von Boo
37%
Bonita Femur
35%
Kala
35%
Great Scarrier Reef Peri
35%
Posea
35%
Scaris: City of Frights Garrott
33%
Gory
28%
Invisi Billy
28%
Haunted River Styxx
27%
Hexiciah
15%
Wydowna
15%
Gilda
13%
No matching quizzes found
Score Distribution
Percent of People with Each Score
Percentile by Number Answered
Your Score History
You have not taken this quiz